[Event "ROM-chT Rapid"]
[Site "Sebes"]
[Date "2023.12.02"]
[Round "8.10"]
[White "Korcsek, Alexandru David"]
[Black "Sfarlog, Tudor Vlad"]
[Result "0-1"]
[WhiteElo "1976"]
[BlackElo "2283"]
[PlyCount "36"]
[EventDate "2023.12.02"]
[EventType "team-swiss (rapid)"]
[EventRounds "8"]
[EventCountry "ROU"]
[SourceTitle "CB49_2023"]
[SourceDate "2023.12.06"]
[SourceVersion "1"]
[SourceVersionDate "2023.12.06"]
[SourceQuality "1"]
[WhiteTeam "Resita Muncitoresc"]
[BlackTeam "Alba Iulia Unirea"]
[WhiteTeamCountry "ROU"]
[BlackTeamCountry "ROU"]

1. e4 g6 2. d4 Bg7 3. Nc3 d6 4. f4 Nf6 5. Nf3 c5 6. Bb5+ Bd7 7. e5 Ng4 8. e6 Bxb5 9. exf7+ Kd7 10. Nxb5 Qa5+ 11. Nc3 cxd4 12. Nxd4 h5 13. h3 Nc6 14. Nxc6 Bxc3+ 15. bxc3 Qxc3+ 16. Bd2 Qg3+ 17. Ke2 Qxg2+ 18. Kd3 Nf2+ 0-1

[Event "ROM-chT Rapid"]
[Site "Sebes"]
[Date "2023.12.02"]
[Round "7.18"]
[White "Nicola, Andrei Bogdan"]
[Black "Korcsek, Alexandru David"]
[Result "1-0"]
[WhiteElo "1518"]
[BlackElo "1976"]
[PlyCount "91"]
[EventDate "2023.12.02"]
[EventType "team-swiss (rapid)"]
[EventRounds "8"]
[EventCountry "ROU"]
[SourceTitle "CB49_2023"]
[SourceDate "2023.12.06"]
[SourceVersion "1"]
[SourceVersionDate "2023.12.06"]
[SourceQuality "1"]
[WhiteTeam "Craiova"]
[BlackTeam "Resita Muncitoresc"]
[WhiteTeamCountry "ROU"]
[BlackTeamCountry "ROU"]

1. d4 d5 2. c4 e6 3. Nc3 c5 4. cxd5 exd5 5. Nf3 Nc6 6. g3 Nf6 7. Bg2 cxd4 8. Nxd4 Bc5 9. Nb3 Bb6 10. Nxd5 Be6 11. Nxf6+ Qxf6 12. 0-0 Rd8 13. Qc2 0-0 14. Bd2 Rfe8 15. Bc3 Qh6 16. Rad1 Bh3 17. Rxd8 Rxd8 18. Rd1 Re8 19. Bd4 Nxd4 20. Nxd4 Bxg2 21. Kxg2 Qf6 22. e3 h6 23. Qc4 Qe5 24. Kg1 Qe4 25. Qc2 Qg4 26. Qe2 Qd7 27. Qb5 Qe7 28. Nf5 Qe6 29. Rd6 Qe4 30. Qd3 Qe5 31. Qd5 Qxb2 32. Rd7 Rf8 33. Rxb7 Qa1+ 34. Kg2 Qf6 35. Ne7+ Kh8 36. Qf5 Qd6 37. Rd7 Qa3 38. Nd5 Kg8 39. h4 Bc5 40. Nf4 Bb4 41. g4 Qxa2 42. g5 hxg5 43. hxg5 Qa6 44. Nd5 Bc3 45. Ne7+ Kh8 46. Qh3+ 1-0

[Event "ROM-chT Rapid"]
[Site "Sebes"]
[Date "2023.12.02"]
[Round "5.14"]
[White "Vesa, Mihai Dragos"]
[Black "Korcsek, Alexandru David"]
[Result "0-1"]
[WhiteElo "1007"]
[BlackElo "1976"]
[PlyCount "52"]
[EventDate "2023.12.02"]
[EventType "team-swiss (rapid)"]
[EventRounds "8"]
[EventCountry "ROU"]
[SourceTitle "CB49_2023"]
[SourceDate "2023.12.06"]
[SourceVersion "1"]
[SourceVersionDate "2023.12.06"]
[SourceQuality "1"]
[WhiteTeam "Alba Iulia Unirea III"]
[BlackTeam "Resita Muncitoresc"]
[WhiteTeamCountry "ROU"]
[BlackTeamCountry "ROU"]

1. d4 d5 2. c4 e6 3. Nf3 c5 4. cxd5 exd5 5. dxc5 Bxc5 6. Nc3 Nf6 7. Bg5 d4 8. Bxf6 Qxf6 9. Ne4 Bb4+ 10. Ned2 Nc6 11. a3 Be7 12. g3 Be6 13. Bg2 0-0 14. Ne4 Qf5 15. Nxd4 Nxd4 16. Qxd4 Rfd8 17. Qe3 Rac8 18. Nc3 Bg5 19. Qe4 Bd2+ 20. Kf1 Qc5 21. Rd1 Bxc3 22. Qb1 Rxd1+ 23. Qxd1 Bxb2 24. Bf3 Bh3+ 25. Bg2 Qd5 26. Qe1 Qxg2# 0-1

[Event "Arad op 15th"]
[Site "Arad"]
[Date "2022.08.14"]
[Round "9"]
[White "Korcsek, Alexandru David"]
[Black "Herczeg, Marcell"]
[Result "1-0"]
[WhiteElo "1800"]
[BlackElo "2044"]
[PlyCount "63"]
[EventDate "2022.08.08"]
[EventType "swiss"]
[EventRounds "9"]
[EventCountry "ROU"]
[SourceTitle "CBM 209 Extra"]
[Source "ChessBase"]
[SourceDate "2022.09.30"]
[SourceVersion "1"]
[SourceVersionDate "2022.09.30"]
[SourceQuality "1"]

1. e4 c5 2. c3 Nf6 3. e5 Nd5 4. d4 cxd4 5. Nf3 e6 6. cxd4 d6 7. a3 Nc6 8. Bd3 Qa5+ 9. Bd2 Qb6 10. Bc3 Nf4 11. 0-0 Nxd3 12. Qxd3 dxe5 13. dxe5 Be7 14. Nbd2 0-0 15. Ne4 Rd8 16. Qc4 Na5 17. Qa4 Nb3 18. Rad1 Qc6 19. Nf6+ gxf6 20. Qg4+ Kf8 21. exf6 Bd6 22. Rxd6 Qxd6 23. Qg7+ Ke8 24. Bb4 Nc5 25. Ng5 Rd7 26. Ne4 b6 27. Nxd6+ Rxd6 28. Qg8+ Kd7 29. Qxf7+ Kc6 30. Qe8+ Kb7 31. f7 Bd7 32. Qxa8+ 1-0

[Event "ROM-ch U12"]
[Site "Calimanesti Caciulata"]
[Date "2016.04.24"]
[Round "8"]
[White "Korcsek, Alexandru David"]
[Black "Bordei, Rares Gabriel"]
[Result "1-0"]
[WhiteElo "1191"]
[BlackElo "1268"]
[PlyCount "29"]
[EventDate "2016.04.18"]
[EventType "swiss"]
[EventRounds "9"]
[EventCountry "ROU"]
[SourceTitle "CBM 172 Extra"]
[Source "ChessBase"]
[SourceDate "2016.06.21"]
[SourceVersion "1"]
[SourceVersionDate "2016.06.21"]
[SourceQuality "1"]

1. e4 c5 2. Nf3 d6 3. d4 cxd4 4. Nxd4 Nf6 5. Nc3 e6 6. Be3 Be7 7. Bd3 0-0 8. 0-0 a6 9. f4 Qc7 10. a3 b5 11. Qf3 Bb7 12. Qg3 d5 13. e5 Ne4 14. Qh3 Nxc3 15. Qxh7# 1-0

[Event "ROM-ch U12"]
[Site "Calimanesti Caciulata"]
[Date "2016.04.21"]
[Round "4"]
[White "Korcsek, Alexandru David"]
[Black "Vasiloiu, Adrian Mihai"]
[Result "1-0"]
[WhiteElo "1191"]
[BlackElo "1549"]
[PlyCount "115"]
[EventDate "2016.04.18"]
[EventType "swiss"]
[EventRounds "9"]
[EventCountry "ROU"]
[SourceTitle "CBM 172 Extra"]
[Source "ChessBase"]
[SourceDate "2016.06.21"]
[SourceVersion "1"]
[SourceVersionDate "2016.06.21"]
[SourceQuality "1"]

1. e4 c6 2. d4 d5 3. exd5 cxd5 4. Nf3 Bg4 5. Be2 Nc6 6. Be3 Nf6 7. Nc3 e6 8. 0-0 Bd6 9. h3 Bh5 10. Re1 0-0 11. a3 Rc8 12. Nb5 Bb8 13. Bg5 a6 14. Nc3 h6 15. Bh4 Bg6 16. Bd3 Bf5 17. Bxf5 exf5 18. Ne5 g5 19. Nxc6 Rxc6 20. Bg3 Bxg3 21. fxg3 Qd6 22. Qf3 Qd7 23. Re5 Ne4 24. Nxd5 Rd6 25. Qxf5 Qxf5 26. Ne7+ Kh7 27. Nxf5 Re6 28. Re1 Rxe5 29. dxe5 Nc5 30. b4 Ne6 31. g4 Rc8 32. Nd6 Rc7 33. c4 b6 34. g3 Kg6 35. Rf1 Nd4 36. Rf6+ Kh7 37. Rxf7+ Rxf7 38. Nxf7 Nc2 39. c5 bxc5 40. bxc5 Nxa3 41. c6 Nb5 42. Nd6 Nc7 43. Nc4 Kg7 44. Kf2 Kf7 45. Ke3 Ke6 46. Kd4 Nb5+ 47. Kc5 Nc7 48. Kb6 Ne8 49. Kxa6 Kd5 50. Nd6 Kxc6 51. Nxe8 Kd5 52. Ng7 Kxe5 53. Nf5 Ke4 54. Nxh6 Kf3 55. Nf7 Kxg3 56. Nxg5 Kh4 57. Nf7 Kxh3 58. g5 1-0